Southville International School and Colleges
Your cart is empty.
  • Cart
  • Lists
    Public lists Eva Luna New books Lux_list list_1
    Your lists Log in to create your own lists
  • Log in to your account
  • Your cookies
  • Search history
Southville International School and Colleges
  • Advanced search
  • Recent comments
  • Most popular
  • Libraries

Log in to your account

Log in with GOOGLE


If you do not have an external account, but do have a local account, you can still log in:

  1. Home
  2. MARC view: The theater in Manila :
Normal view MARC view ISBD view

The theater in Manila : (Record no. 24634)

[ view plain ]
MARC details
000 -LEADER
fixed length control field 00576nam a2200193 a 4500
005 - DATE AND TIME OF LATEST TRANSACTION
control field 20140310183532.0
008 - FIXED-LENGTH DATA ELEMENTS--GENERAL INFORMATION
fixed length control field 111005s19uu xx 00 eng d
020 ## - INTERNATIONAL STANDARD BOOK NUMBER
International Standard Book Number 9789710172207
050 ## - LIBRARY OF CONGRESS CALL NUMBER
Classification number PN 2916.M3
Item number .B84 2010
100 ## - MAIN ENTRY--PERSONAL NAME
Personal name Buenaventura, Cristina Laconico.
245 ## - TITLE STATEMENT
Title The theater in Manila :
Remainder of title 1846-1946 /
Statement of responsibility, etc Cristina Laconico-Buenaventura.
250 ## - EDITION STATEMENT
Edition statement 2nd ed.
260 ## - PUBLICATION, DISTRIBUTION, ETC. (IMPRINT)
Place of publication, distribution, etc Quezon City :
Name of publisher, distributor, etc C & E,
Date of publication, distribution, etc 2010.
300 ## - PHYSICAL DESCRIPTION
Extent 243 p. :
Other physical details ill. ;
Dimensions 24 cm.
521 ## - TARGET AUDIENCE NOTE
Target audience note
650 ## - SUBJECT ADDED ENTRY--TOPICAL TERM
Topical term or geographic name as entry element Theater
General subdivision Philippines
-- Manila
-- History
942 ## - ADDED ENTRY ELEMENTS (KOHA)
Koha item type Books
Source of classification or shelving scheme Library of Congress Classification
Call number prefix Local
Holdings
Withdrawn status Lost status Source of classification or shelving scheme Damaged status Home library Current library Shelving location Date acquired Total Checkouts Full call number Barcode Date last seen Date checked out Copy number Price effective from Koha item type
    Library of Congress Classification   College Library College Library General Circulation Section 10/05/2011 1 PN 2916.M3 .B84 2010 C12897 10/29/2019 10/24/2019 1 10/18/2013 Books

The theater in Manila :

APA

Buenaventura C. L., . (2010). The theater in Manila. Quezon City: C & E.

Chicago

Buenaventura Cristina Laconico, . 2010. The theater in Manila. Quezon City: C & E.

Harvard

Buenaventura C. L., . (2010). The theater in Manila. Quezon City: C & E.

MLA

Buenaventura Cristina Laconico, . The theater in Manila. Quezon City: C & E. 2010.

  • Place hold
  • Print
  • Cite
  • Add to your cart (remove)
  • Save record
    BIBTEX Dublin Core MARCXML MARC (non-Unicode/MARC-8) MARC (Unicode/UTF-8) MARC (Unicode/UTF-8, Standard) MODS (XML) RIS
  • More searches
    Search for this title in:
    Other Libraries (WorldCat) Other Databases (Google Scholar) Online Stores (Bookfinder.com) Open Library (openlibrary.org)

Exporting to Dublin Core...

SOUTHVILLE LIBRARY

Southville International School and Colleges Library

1281 Tropical Ave. Cor. Luxembourg St., BF Homes International, Las Pinas City

Tel. No. 8256374 / 252358 Loc. 117/146

Powered by Koha